The pizza connection : (Registro nro. 18532)
[ vista simple ]
| 000 -CABECERA | |
|---|---|
| campo de control de longitud fija | 00833cam a2200229 a 4500 |
| 001 - NÚMERO DE CONTROL | |
| campo de control | 000019014 |
| 005 - FECHA Y HORA DE LA ÚLTIMA TRANSACCIÓN | |
| campo de control | 20260424133903.0 |
| 008 - DATOS DE LONGITUD FIJA--INFORMACIÓN GENERAL | |
| campo de control de longitud fija | 880317s1988 nyuacf 001 0 eng |
| 020 ## - NÚMERO INTERNACIONAL ESTÁNDAR DEL LIBRO | |
| Número Internacional Estándar del Libro | 1555840272 |
| 040 ## - FUENTE DE LA CATALOGACIÓN | |
| Centro catalogador/agencia de origen | DO-SdBNP |
| Centro/agencia transcriptor | DLC |
| Centro/agencia modificador | DLC |
| -- | BNPHU |
| 082 ## - NÚMERO DE LA CLASIFICACIÓN DECIMAL DEWEY | |
| Número de clasificación | 347.305277 |
| Número de documento/Ítem | A374p |
| 100 1# - ENTRADA PRINCIPAL--NOMBRE DE PERSONA | |
| Nombre de persona | Alexander, Shana. |
| 9 (RLIN) | 40906 |
| 245 14 - MENCIÓN DE TÍTULO | |
| Título | The pizza connection : |
| Resto del título | lawyers, money, drugs, mafia / |
| Mención de responsabilidad, etc. | Shana Alexander. |
| 260 ## - PUBLICACIÓN, DISTRIBUCIÓN, ETC. | |
| Lugar de publicación, distribución, etc. | New York : |
| Nombre del editor, distribuidor, etc. | Weidenfeld & Nicolson, |
| Fecha de publicación, distribución, etc. | c1988. |
| 300 ## - DESCRIPCIÓN FÍSICA | |
| Extensión | xviii, 442 p. : |
| Otras características físicas | il., retrs., lamin. ; |
| Dimensiones | 24 cm. |
| 500 ## - NOTA GENERAL | |
| Nota general | Incluye índice |
| 500 ## - NOTA GENERAL | |
| Nota general | Incluye cronología |
| 600 14 - PUNTO DE ACCESO ADICIONAL DE MATERIA--NOMBRE DE PERSONA | |
| Nombre de persona | BADALAMENTI, GAETANO |
| Subdivisión general | ENSAYOS, CONFERENCIAS, ETC. |
| 9 (RLIN) | 40907 |
| 650 #0 - PUNTO DE ACCESO ADICIONAL DE MATERIA--TÉRMINO DE MATERIA | |
| Término de materia o nombre geográfico como elemento de entrada | Abuso de drogas y crimen |
| 9 (RLIN) | 40908 |
| 650 #4 - PUNTO DE ACCESO ADICIONAL DE MATERIA--TÉRMINO DE MATERIA | |
| Término de materia o nombre geográfico como elemento de entrada | Crímen organizado |
| Subdivisión geográfica | New York (Estados Unidos{Rpara} |
| -- | New York. |
| 9 (RLIN) | 40909 |
| 910 ## - DATOS DE OPCIÓN DEL USUARIO (OCLC) | |
| Datos de opción del usuario | Catalogación derivada / LC |
| Estado de retiro | Estado de pérdida | Restricciones de uso | No para préstamo | Código de colección | Localización permanente | Ubicación/localización actual | Ubicación en estantería | Fecha de adquisición | Número de inventario | Total de préstamos | Signatura topográfica completa | Código de barras | Fecha visto por última vez | Precio válido a partir de | Tipo de ítem Koha |
|---|---|---|---|---|---|---|---|---|---|---|---|---|---|---|---|
| Excluido de préstamo | Monografías: Libros y Folletos | General | General | En catalogación | 21.05.2010 | LF1 | 347.305277 A374p | 19014-10 | 25.06.2020 | 25.06.2020 | No se presta |
